000 00300pab a2200121 454500
008 180718b xxu||||| |||| 00| 0 eng d
100 _aNoorani, A.G
245 _aThe white paper - disinformation on Ayodhya
650 _a Ayodhya
650 _aReligion and State
773 _aStatesman
909 _a24172
999 _c24172
_d24172